<?xml version="1.0" encoding="UTF-8"?>
<collection xmlns="http://www.loc.gov/MARC21/slim">
 <record>
  <leader>02500cam a2200541  a4500</leader>
  <controlfield tag="001">1322085374</controlfield>
  <controlfield tag="003">DE-627</controlfield>
  <controlfield tag="005">20241022101008.0</controlfield>
  <controlfield tag="007">tu</controlfield>
  <controlfield tag="008">060320m20022009xx |||||      00| ||ger c</controlfield>
  <datafield tag="016" ind1="7" ind2=" ">
   <subfield code="a">974671266</subfield>
   <subfield code="2">DE-101</subfield>
  </datafield>
  <datafield tag="035" ind1=" " ind2=" ">
   <subfield code="a">(DE-627)1322085374</subfield>
  </datafield>
  <datafield tag="035" ind1=" " ind2=" ">
   <subfield code="a">(DE-576)25208537X</subfield>
  </datafield>
  <datafield tag="035" ind1=" " ind2=" ">
   <subfield code="a">(DE-599)DNB974671266</subfield>
  </datafield>
  <datafield tag="040" ind1=" " ind2=" ">
   <subfield code="a">DE-627</subfield>
   <subfield code="b">ger</subfield>
   <subfield code="c">DE-627</subfield>
   <subfield code="e">rakwb</subfield>
  </datafield>
  <datafield tag="041" ind1=" " ind2=" ">
   <subfield code="a">ger</subfield>
  </datafield>
  <datafield tag="082" ind1="0" ind2=" ">
   <subfield code="a">914.3</subfield>
  </datafield>
  <datafield tag="082" ind1="0" ind2="4">
   <subfield code="a">914.3</subfield>
  </datafield>
  <datafield tag="084" ind1=" " ind2=" ">
   <subfield code="a">30</subfield>
   <subfield code="2">bwlb</subfield>
  </datafield>
  <datafield tag="084" ind1=" " ind2=" ">
   <subfield code="a">418</subfield>
   <subfield code="2">bwlb</subfield>
  </datafield>
  <datafield tag="084" ind1=" " ind2=" ">
   <subfield code="a">851</subfield>
   <subfield code="2">bwlb</subfield>
  </datafield>
  <datafield tag="245" ind1="1" ind2="0">
   <subfield code="a">Hohentwiel-Buch</subfield>
   <subfield code="b">Kaiser, Herzöge, Ritter, Räuber, Revolutionäre, Jazzlegenden</subfield>
   <subfield code="c">hrsg. von Roland Kessinger ...</subfield>
  </datafield>
  <datafield tag="264" ind1=" " ind2="1">
   <subfield code="a">Singen (Hohentwiel)</subfield>
   <subfield code="a">Bonn</subfield>
   <subfield code="b">MarkOrPlan</subfield>
   <subfield code="c">2002-2009</subfield>
  </datafield>
  <datafield tag="336" ind1=" " ind2=" ">
   <subfield code="a">Text</subfield>
   <subfield code="b">txt</subfield>
   <subfield code="2">rdacontent</subfield>
  </datafield>
  <datafield tag="337" ind1=" " ind2=" ">
   <subfield code="a">ohne Hilfsmittel zu benutzen</subfield>
   <subfield code="b">n</subfield>
   <subfield code="2">rdamedia</subfield>
  </datafield>
  <datafield tag="338" ind1=" " ind2=" ">
   <subfield code="a">Band</subfield>
   <subfield code="b">nc</subfield>
   <subfield code="2">rdacarrier</subfield>
  </datafield>
  <datafield tag="490" ind1="0" ind2=" ">
   <subfield code="a">Hegau-Bibliothek</subfield>
   <subfield code="v">...</subfield>
  </datafield>
  <datafield tag="490" ind1="0" ind2=" ">
   <subfield code="a">MarkOrPlan-Edition Burgenland Hegau</subfield>
   <subfield code="v">...</subfield>
  </datafield>
  <datafield tag="490" ind1="0" ind2=" ">
   <subfield code="a">Burgenland Hegau, Westlicher Bodensee</subfield>
  </datafield>
  <datafield tag="500" ind1=" " ind2=" ">
   <subfield code="a">Hauptbd. ersch. in der Reihe &quot;Hegau-Bibliothek&quot;, Anh. 1.2004/05 ersch. in der Reihe &quot;MarkOrPlan-Edition Burgenland-Hegau&quot;</subfield>
  </datafield>
  <datafield tag="650" ind1="0" ind2="7">
   <subfield code="0">(DE-588)4009104-1</subfield>
   <subfield code="0">(DE-627)106364677</subfield>
   <subfield code="0">(DE-576)208880399</subfield>
   <subfield code="a">Burg</subfield>
   <subfield code="2">gnd</subfield>
   <subfield code="7">(dpeaa)DE-631</subfield>
  </datafield>
  <datafield tag="650" ind1="0" ind2="7">
   <subfield code="0">(DE-588)4020517-4</subfield>
   <subfield code="0">(DE-627)106317768</subfield>
   <subfield code="0">(DE-576)208933697</subfield>
   <subfield code="a">Geschichte</subfield>
   <subfield code="2">gnd</subfield>
   <subfield code="7">(dpeaa)DE-631</subfield>
  </datafield>
  <datafield tag="650" ind1="0" ind2="7">
   <subfield code="0">(DE-588)4069225-5</subfield>
   <subfield code="0">(DE-627)10413142X</subfield>
   <subfield code="0">(DE-576)209175974</subfield>
   <subfield code="a">Befestigung</subfield>
   <subfield code="2">gnd</subfield>
   <subfield code="7">(dpeaa)DE-631</subfield>
  </datafield>
  <datafield tag="651" ind1=" " ind2="7">
   <subfield code="0">(DE-588)4241279-1</subfield>
   <subfield code="0">(DE-627)104857927</subfield>
   <subfield code="0">(DE-576)210436794</subfield>
   <subfield code="a">Burg Hohentwiel</subfield>
   <subfield code="2">gnd</subfield>
   <subfield code="7">(dpeaa)DE-631</subfield>
  </datafield>
  <datafield tag="651" ind1=" " ind2="7">
   <subfield code="0">(DE-588)4055092-8</subfield>
   <subfield code="0">(DE-627)106159623</subfield>
   <subfield code="0">(DE-576)209112166</subfield>
   <subfield code="a">Singen (Hohentwiel)</subfield>
   <subfield code="2">gnd</subfield>
   <subfield code="7">(dpeaa)DE-631</subfield>
  </datafield>
  <datafield tag="651" ind1=" " ind2="7">
   <subfield code="0">(DE-588)4025567-0</subfield>
   <subfield code="0">(DE-627)106292536</subfield>
   <subfield code="0">(DE-576)208961798</subfield>
   <subfield code="a">Hohentwiel</subfield>
   <subfield code="2">gnd</subfield>
   <subfield code="7">(dpeaa)DE-631</subfield>
  </datafield>
  <datafield tag="651" ind1=" " ind2="4">
   <subfield code="a">Burgengeschichte</subfield>
   <subfield code="0">(DE-631)32197</subfield>
   <subfield code="7">(dpeaa)DE-631</subfield>
  </datafield>
  <datafield tag="689" ind1="0" ind2="0">
   <subfield code="d">g</subfield>
   <subfield code="0">(DE-588)4025567-0</subfield>
   <subfield code="0">(DE-627)106292536</subfield>
   <subfield code="0">(DE-576)208961798</subfield>
   <subfield code="a">Hohentwiel</subfield>
   <subfield code="2">gnd</subfield>
  </datafield>
  <datafield tag="689" ind1="0" ind2="1">
   <subfield code="d">s</subfield>
   <subfield code="0">(DE-588)4127794-6</subfield>
   <subfield code="0">(DE-627)104393661</subfield>
   <subfield code="0">(DE-576)209596589</subfield>
   <subfield code="a">Heimatkunde</subfield>
   <subfield code="2">gnd</subfield>
  </datafield>
  <datafield tag="689" ind1="0" ind2=" ">
   <subfield code="5">DE-101</subfield>
  </datafield>
  <datafield tag="700" ind1="1" ind2=" ">
   <subfield code="a">Kessinger, Roland</subfield>
   <subfield code="d">1969-</subfield>
   <subfield code="e">Hrsg.</subfield>
   <subfield code="0">(DE-588)122329562</subfield>
   <subfield code="0">(DE-627)08188060X</subfield>
   <subfield code="0">(DE-576)293221596</subfield>
   <subfield code="4">edt</subfield>
  </datafield>
  <datafield tag="787" ind1="0" ind2="8">
   <subfield code="i">Rezensiert in</subfield>
   <subfield code="a">Fleck, Walther-Gerd, 1926 - 2014</subfield>
   <subfield code="t">[Rezension von: Roland Kessinger, Klaus Michael Peter, Hohentwiel-Buch]</subfield>
   <subfield code="d">Braubach : Europäisches Burgeninstitut, 2003</subfield>
   <subfield code="w">(DE-627)1680002430</subfield>
  </datafield>
  <datafield tag="935" ind1=" " ind2=" ">
   <subfield code="a">BWLB</subfield>
  </datafield>
  <datafield tag="951" ind1=" " ind2=" ">
   <subfield code="a">MC</subfield>
  </datafield>
  <datafield tag="990" ind1=" " ind2=" ">
   <subfield code="a">Hohentwiel</subfield>
  </datafield>
  <datafield tag="990" ind1=" " ind2=" ">
   <subfield code="a">Heimatkunde</subfield>
  </datafield>
  <datafield tag="991" ind1=" " ind2=" ">
   <subfield code="a">Rezensiertes Werk</subfield>
  </datafield>
  <datafield tag="999" ind1=" " ind2=" ">
   <subfield code="a">KXP-PPN1322085374</subfield>
   <subfield code="e">4008908323</subfield>
  </datafield>
 </record>
</collection>
